| 000 | 00542nam a2200193 i 4500 | ||
|---|---|---|---|
| 001 | 67555 | ||
| 003 | ES-MaACL | ||
| 005 | 20230906170113.0 | ||
| 007 | t| | ||
| 008 | 040603s2001 sp ||||0| spa d | ||
| 020 | _a84-8433-158-X | ||
| 080 | _a821.134.2-31"19" | ||
| 100 | 1 |
_aManuel, Pako de. _976184 |
|
| 245 | 1 | 0 |
_aEsperando en un banco de Lavapiés / _cPako de Manuel. |
| 260 |
_aSevilla : _bAlgaida, _c[2001] |
||
| 300 |
_a163 p. ; _c22 cm. |
||
| 586 | _aFinalista III Premio Río Manzanares de Novela | ||
| 852 |
_aES-MaACL _jL-27797 |
||
| 999 |
_c67555 _d67555 |
||